000 01216nam a2200325 i 4500
003 EG-GICUC
005 20260121101526.0
008 251220s1997 ua d|||fr|||| 000 0 ara d
017 _a97/3668
020 _a977-5272-39-4
040 _a EG-GICUC
_bara
_c EG-GICUC
_d EG-GICUC
_erda
041 _aara
082 0 4 _221
_a345.451
_bم ج . ق
092 0 4 _221
099 _aLaw1 07 345.451 م ج . ق 1997
100 0 _aمجدي مدحت إبرهيم النهري.
_eمؤلف.
245 1 0 _aقواعد وإجراءات تأديب الموظف العام /
_cدكتور مجدي مدحت ابراهيم النهري.
264 1 _aالقاهرة :
_bدار انهضة العربية,
_c1997.
300 _a295 صفحة.
_bجداول ؛
_c24 سم
336 _2rda content
_atext
337 _2rda media
_aComputer
338 _2rda carrier
_aOnline Resource
546 _aالنص أغلبه باللغة العربية مع بعض النصوص الفرنسية
650 1 4 _aالسلطات التاديبية
_2qrmak
650 1 4 _aالمحاكم التاديبية
_2qrmak
651 1 _2qrmak
856 4 0 _uhttps://fll.law.cu.edu.eg/fulltext/bks/B07-01613.pdf
905 _a79
942 _2ddc
_cBK
_e21
_n0
999 _c51831
_d51831